Francés para dummies (Registro nro. 20641)

Detalles MARC
000 -LEADER
fixed length control field 01134nmm a2200325 a 4500
001 - CONTROL NUMBER
control field 0000022275
003 - CONTROL NUMBER IDENTIFIER
control field CO-CtgCURN
005 - DATE AND TIME OF LATEST TRANSACTION
control field 20250403122409.0
007 - PHYSICAL DESCRIPTION FIXED FIELD--GENERAL INFORMATION
fixed length control field co cga---uuuuu
007 - PHYSICAL DESCRIPTION FIXED FIELD--GENERAL INFORMATION
fixed length control field ta
008 - FIXED-LENGTH DATA ELEMENTS--GENERAL INFORMATION
fixed length control field 160627s2008 i eng d
020 ## - INTERNATIONAL STANDARD BOOK NUMBER
International Standard Book Number 9789584506450
040 ## - CATALOGING SOURCE
Original cataloging agency CO-CtgCURN
Language of cataloging spa
Transcribing agency coctgcurn
082 0# - DEWEY DECIMAL CLASSIFICATION NUMBER
Classification number 448.7
Item number S349
100 1# - MAIN ENTRY--PERSONAL NAME
Personal name Schmidt, Dodi-Katrin.
245 10 - TITLE STATEMENT
Title Francés para dummies
Medium [electronic resource] /
Statement of responsibility, etc. Dodi-Katrin Schmidt, Michelle M. Williams, Dominique Wenzel , traductor, María Mercedes Correa.
260 ## - PUBLICATION, DISTRIBUTION, ETC.
Place of publication, distribution, etc. Bogotá :
Name of publisher, distributor, etc. Norma,
Date of publication, distribution, etc. 2008.
300 ## - PHYSICAL DESCRIPTION
Extent xix, 357 p. + 1 Cd-Rom.
336 ## - CONTENT TYPE
Source rdacontent
337 ## - MEDIA TYPE
Source rdamedia
Media type term sin mediacion
Media type code n
338 ## - CARRIER TYPE
Source rdacarrier
Carrier type term volumen
Carrier type code nc
490 1# - SERIES STATEMENT
Series statement Para dummies
490 1# - SERIES STATEMENT
Series statement Para dummies
505 8# - FORMATTED CONTENTS NOTE
Formatted contents note Contenido: Primeros pasos -- Frances de uso diario -- De aqui para alla -- Los decalogos
650 14 - SUBJECT ADDED ENTRY--TOPICAL TERM
Topical term or geographic name entry element Frances
Form subdivision Libros de texto para extranjeros
General subdivision Español.
700 1# - ADDED ENTRY--PERSONAL NAME
Personal name I.Williams, Michelle M.
908 ## - PUT COMMAND PARAMETER (RLIN)
Put command parameter 160627
942 ## - ADDED ENTRY ELEMENTS (KOHA)
Koha item type Libros
Classification part 448.7
Item part S349
Source of classification or shelving scheme Dewey Decimal Classification
Suppress in OPAC No
Existencias
Withdrawn status Lost status Source of classification or shelving scheme Damaged status Not for loan Collection Home library Current library Shelving location Date acquired Inventory number Total checkouts Full call number Barcode Date last seen Price effective from Koha item type Public note
    Dewey Decimal Classification     General Miguel Henríquez Emiliani Miguel Henríquez Emiliani General 03/31/2025 004588   448.7 S349 004588 03/31/2025 03/31/2025 Libros 440-LENG.RO